MVPS/A Multi-Volume Archive System (Record no. 8713)
[ view plain ]
| 000 -LEADER | |
|---|---|
| fixed length control field | 01095cam a22001814a 4500 |
| 005 - ΗΜΕΡΟΜΗΝΙΑ ΚΑΙ ΩΡΑ ΤΕΛΕΥΤΑΙΑΣ ΕΝΗΜΕΡΩΣΗΣ | |
| Πεδίο ελέγχου | 20250605164344.0 |
| 008 - FIXED-LENGTH DATA ELEMENTS--GENERAL INFORMATION | |
| Πεδίο ελέγχου σταθερού μήκους | 250528s ||||||||||||||||||||||||d |
| 035 ## - SYSTEM CONTROL NUMBER | |
| System control number | 23776 |
| 040 ## - ΠΗΓΗ ΚΑΤΑΛΟΓΟΓΡΑΦΗΣΗΣ | |
| Φορέας πρωτότυπης καταλογογράφησης | MC Athens Campus Library |
| Γλώσσα καταλογογράφησης | Ελληνικά, Μοντέρνα (1453-) |
| Modifying agency | MC Athens Campus Library |
| Κανόνες περιγραφικής καταλογογράφησης | AACR2 |
| 245 1# - ΤΙΤΛΟΣ ΚΑΙ ΔΗΛΩΣΗ ΥΠΕΥΘΥΝΟΤΗΤΑΣ | |
| Τίτλος | MVPS/A Multi-Volume Archive System |
| 260 ## - PUBLICATION, DISTRIBUTION, ETC. | |
| Date of publication, distribution, etc. | 2016 |
| 300 ## - PHYSICAL DESCRIPTION | |
| Extent | 19 |
| 520 ## - SUMMARY, ETC. | |
| Summary, etc. | Introduction, Definitions, Meta Data, Archive, Other Archive Files, Archiver (.ar), Tarball (.tar) and ZIP (.zip), Self-Extracting Archives, MVPS, Inspiration, Functionality and Features, Headers and Files, Archives, Volume Manager, Implementation, Net Framework with C#, Design, Meta Data and Headers, Encryption and Compression, Archives, Events and Feedback, File Fetching and Management, File Removal, Versioning and Loading Order, Memory Management, File Details, Package Details, Volume Manager Details, User Interface, Description, Menu Bar, Settings Window, File Management, Asynchronous Operations, Stress Tests and Results, Future Work, Conclusion, References. |
| 700 1# - ΠΡΟΣΘΕΤΗ ΑΝΑΓΡΑΦΗ--ΦΥΣΙΚΟ ΠΡΟΣΩΠΟ | |
| Personal name | Papaioannou Sotirios |
| 9 (RLIN) | 9309 |
| 942 ## - ADDED ENTRY ELEMENTS (KOHA) | |
| Koha item type | Διπλωματική εργασία |
| Τύπος τεκμηρίου | Βιβλιοθήκη | Τρέχουσα τοποθεσία | Barcode | Ημερομηνία απόκτησης | Ταξιθετικό σύμβολο | Αριθμός αντιτύπου | Κατάσταση απόσυρσης | Κατάσταση χαμένου | Κατάσταση κατεστραμμένου | Μη δανεισμός | Σύνολο δανεισμών | Ημερομηνία τελευταίας εμφάνισης | Η τιμή ισχύει από |
|---|---|---|---|---|---|---|---|---|---|---|---|---|---|
| Διπλωματική εργασία | MC Athens Campus Library | MC Athens Campus Library | 9780000087126 | 05/06/2025 | COMP 2016 (27) | 1 | 05/06/2025 | 05/06/2025 |